000 00582nam a2200205Ia 4500
005 20250508162153.0
008 008 250505s9999 xx 000 0 eng d
037 _aTextual
040 _aFEDL
_beng
_cFEDL
041 _aeng
_2eng
084 _a128.2, WIL
_qFEDL
100 _aWilson Edgar
245 0 _aMental as physical
260 _aLondon, UK
_bRoutledge and Kegan Paul
_c1979
300 _a436p.
490 _aInternational library of philosophy and scientific method
650 _aPhilosophy
942 _cTEXL
_h128.2, WIL
999 _c1374798
_d1374798